01666nam a2200337 i 4500001000300000245019500003246005500198246001500253260003400268300004700302490027000349500013500619500002900754504002400783650003900807650002300846650005000869651003600919655002900955700002700984830012401011020001501135040000801150041001301158080002501171920001801196942000701214008004101221999001701262952004901279bg00aHumanizacja zespołów mieszkaniowych - blokowisk :bHabitat '93 - seminarium, warsztaty architektoniczne, Wrocław-Karpacz, październik 1993 : praca zbiorowa /cpod red. Zbigniewa Bacia.11aHumanization of habitation units - block complexes aHabitat'93 aWrocław :bWydaw. PW,c1994. a212 s. :bfaks., fot., pl., rys. ;c24 cm.1 aPrace Naukowe Wydziału Architektury Politechniki Wrocławskiej. Katedra Projektowania Architektury Mieszkaniowej =aScientific Papers of the Faculty of Architecture of the Technical University of Wrocław. Department of Housing Architecture Design,x1232-1354 ;v1 aTyt. równol. : Humanization of habitation units - block complexes. - Tekst częśc. równol. pol. - ang., ang. i tł. z czes. aNumeracja ser. gł. : 1. aBibliogr. przy ref. 9aBudownictwo mieszkaniowexprojekty 9aJakość życia 9aOsiedle mieszkaniowexplanowanie przestrzenne 9aWrocławxbudownictwoxprojekty aMateriały konferencyjne1 aBać, Zbigniew.eRed. 0aPrace Naukowe Wydziału Architektury Politechniki Wrocławskiej.pKatedra Projektowania Architektury Mieszkaniowej ;v1 a8370850758 cBPK1 aplenhpl a711.4/.8:728](061.3) a83-7085-075-8 cKS s pl f |000 0 pol  c30308d30308 00104070aBPKbBPKcwo36949p01605938yKS